000 02671nam2a22003731 4500
001 RU\NLR\INFOCOMM18\1000229586
005 20260407110301.0
035 _a(NLR Aleph) 002378617
090 _a4594511
_c4594511
100 _a20041205d1887 |||y0rusy50 ca
101 0 _arus
_afre
_efre
102 _aRU
105 _ay i||||||||
200 1 _aДвижение населения в Европейской России за 1881 год
_e[статистические таблицы, разработанные в Центральном статистическом комитете Министерства внутренних дел
_dMouvement de la population de la Russie d'Europe en 1881
_etableaux statistiques, publiés par le Comité central de statistique de la Russie
_fразраб. под наблюдением ст. ред. Ком. П.В. Охочинского]
_zfre
210 _d1887
_aБ. м.
215 _a[7], VIII, 385 с.
_d26
300 _aЗагл. корешка: Движение населения за 1881 год
300 _aЧасть текста парал. на рус. и фр. яз.
316 _aЭкз. РНБ на шифре 18.220.3.3-20 со штампом Библиотеки Николая II: "Собственная Его Величества Библиотека в Зимнем Дворце"
_5NLR: 18.220.3.3-20
461 0 _1001RU\NLR\INFOCOMM18\1000229536
_12001#$aСтатистический временник Российской империи$vСер. 3, вып. 20
_94594371
_cС.-Петербург
_d1866 - 1890
_nЦентральный статистический комитет Министерства внутренних дел
_tСтатистический временник Российской империи
_vСер. 3, вып. 20
510 1 _aMouvement de la population de la Russie d'Europe en 1881
_etableaux statistiques, publiés par le Comité central de statistique de la Russie
_zfre
516 1 _aДвижение населения за 1881 год
702 1 _aОхочинский
_bП. В.
_f- 1909
_gПетр Владимирович
_4340
702 0 _4390
_8rus
_7ca
_aНиколай
_cимператор российский
_dII
_f1868-1918
_3RU\NLR\AUTH\773750
_9113742
712 0 1 _4570
_aРоссия
_bЦентральный статистический комитет
_3RU\NLR\AUTH\889938025
_9370861
801 1 _aRU
_bInfoComm
_c20041205
801 0 _aRU
_bNLR
_gPSBO
852 _aNLR
_j18.220.3.3-20
852 _aNLR
_j132/2793-20
942 _cISSUE
980 _aNB
980 _aRUSPER